Risk management and insurance
Guardado en:
| Autor principal: | |
|---|---|
| Otros Autores: | |
| Formato: | Libro |
| Lenguaje: | inglés |
| Publicado: |
New York
McGraw-Hill Education
2004
|
| Edición: | 2nd ed. |
| Colección: | The McGraw-Hill/Irwin series in finance, insurance and real estate
|
| Materias: | |
| Etiquetas: |
Sin Etiquetas, Sea el primero en etiquetar este registro!
|
MARC
| LEADER | 00000nam a2200000 4500 | ||
|---|---|---|---|
| 001 | 0200795 | ||
| 005 | 20240226124423.4 | ||
| 020 | |a 978-007-123244-9 | ||
| 041 | 0 | |a eng | |
| 044 | |a US | ||
| 245 | 1 | 0 | |a Risk management and insurance |c Scott E. Harrington, Gregory R. Niehaus |
| 250 | |a 2nd ed. | ||
| 264 | 1 | |a New York |b McGraw-Hill Education |c 2004 | |
| 300 | |a 672 s. | ||
| 490 | 1 | |a The McGraw-Hill/Irwin series in finance, insurance and real estate | |
| 830 | 0 | |a The McGraw-Hill/Irwin series in finance, insurance and real estate | |
| 610 | 2 | 0 | |a riadenie rizík |
| 610 | 2 | 0 | |a poistenie |
| 610 | 2 | 0 | |a druhy poistenia |
| 610 | 2 | 0 | |a poistenie osôb |
| 610 | 2 | 0 | |a regulácia |
| 610 | 2 | 0 | |a oceňovanie |
| 610 | 2 | 0 | |a zamestnanci |
| 610 | 2 | 0 | |a benefity |
| 610 | 2 | 0 | |a úrazy pracovné |
| 610 | 2 | 0 | |a odškodnenie |
| 610 | 2 | 0 | |a zabezpečenie sociálne |
| 610 | 2 | 0 | |a poistenie podnikov |
| 610 | 2 | 0 | |a akcionári |
| 610 | 2 | 0 | |a riziko podnikateľské |
| 610 | 2 | 0 | |a hedging |
| 610 | 2 | 0 | |a deriváty |
| 610 | 2 | 0 | |a zákazníci |
| 610 | 2 | 0 | |a záväzky |
| 100 | 1 | |a Harrington, Scott E. | |
| 700 | 1 | |a Niehaus, Gregory R. | |